000 00366 a2200121 4500
001 ART_51034
005 20260410162008.0
008 260409a
245 1 0 _aEl desalojo en la emergencia locativa en 2020
100 1 _aHumphreys, Ethel
700 1 _aMartinat, Julieta
773 0 _tTemas de derecho civil
_g- Año 6, N° 8 (ago. 2020)
_wREV34778
999 _c31894
_d31894